[Event "ROM-ch U18 Girls"]
[Site "Calimanesti Caciulata"]
[Date "2019.04.18"]
[Round "5"]
[White "Andres, Marina Corina"]
[Black "Hristea, Andreea Beatrice"]
[Result "1-0"]
[WhiteElo "1578"]
[BlackElo "1231"]
[PlyCount "81"]
[EventDate "2019.04.15"]
[EventType "swiss"]
[EventRounds "9"]
[EventCountry "ROU"]
[SourceTitle "CBM 190 Extra"]
[Source "ChessBase"]
[SourceDate "2019.07.15"]
[SourceVersion "1"]
[SourceVersionDate "2019.07.15"]
[SourceQuality "1"]

1. e4 c5 2. Nc3 Nc6 3. Bb5 g6 4. Bxc6 bxc6 5. f4 e6 6. Nf3 Bg7 7. 0-0 d5 8. e5 Ne7 9. d3 Rb8 10. Qe1 Ba6 11. b3 Qb6 12. Na4 Qb5 13. c4 Qb4 14. Be3 d4 15. Qxb4 cxb4 16. Bxd4 Rb7 17. Nc5 Rb6 18. Nxa6 Rxa6 19. Bc5 Nf5 20. g4 Ne7 21. Bxb4 h5 22. h3 hxg4 23. hxg4 f6 24. Bc3 f5 25. Nd4 c5 26. Nb5 Kd7 27. g5 Nc6 28. Kg2 Rb6 29. Rh1 Rbb8 30. Rxh8 Rxh8 31. Rh1 Rxh1 32. Kxh1 Bf8 33. Kg2 a6 34. Na3 a5 35. Nb5 Nb4 36. Bxb4 cxb4 37. Kf3 Kc6 38. Ke3 Bc5+ 39. d4 Bb6 40. Nd6 Bc7 41. Nf7 1-0

[Event "ROM-ch U18 Girls"]
[Site "Calimanesti Caciulata"]
[Date "2019.04.17"]
[Round "3"]
[White "Bucur, Denisa Andreea"]
[Black "Andres, Marina Corina"]
[Result "1-0"]
[WhiteElo "1945"]
[BlackElo "1578"]
[PlyCount "55"]
[EventDate "2019.04.15"]
[EventType "swiss"]
[EventRounds "9"]
[EventCountry "ROU"]
[SourceTitle "CBM 190 Extra"]
[Source "ChessBase"]
[SourceDate "2019.07.15"]
[SourceVersion "1"]
[SourceVersionDate "2019.07.15"]
[SourceQuality "1"]

1. d4 d5 2. c4 e6 3. Nf3 Be7 4. Nc3 Nf6 5. Bf4 0-0 6. e3 c5 7. dxc5 Bxc5 8. cxd5 Nxd5 9. Nxd5 exd5 10. a3 Nc6 11. Rc1 Be7 12. Bd3 Be6 13. 0-0 Rc8 14. Bb1 Bf6 15. b4 Qe7 16. Qd2 Nb8 17. Nd4 Bg5 18. Bg3 Bh4 19. Rxc8 Rxc8 20. Nf5 Bxf5 21. Bxf5 Bxg3 22. Bxc8 Bxh2+ 23. Kxh2 Qc7+ 24. Kg1 Qxc8 25. Qxd5 Nc6 26. Rd1 g6 27. b5 Ne7 28. Qd8+ 1-0

[Event "ROM-ch U18 Girls"]
[Site "Calimanesti Caciulata"]
[Date "2019.04.16"]
[Round "2"]
[White "Andres, Marina Corina"]
[Black "Cristocea, Gabriela"]
[Result "1-0"]
[WhiteElo "1578"]
[BlackElo "1724"]
[PlyCount "65"]
[EventDate "2019.04.15"]
[EventType "swiss"]
[EventRounds "9"]
[EventCountry "ROU"]
[SourceTitle "CBM 190 Extra"]
[Source "ChessBase"]
[SourceDate "2019.07.15"]
[SourceVersion "1"]
[SourceVersionDate "2019.07.15"]
[SourceQuality "1"]

1. e4 e6 2. Nc3 d5 3. d3 d4 4. Nce2 c5 5. f4 Bd6 6. Nf3 Nc6 7. g4 Nge7 8. Bg2 b5 9. 0-0 Ng6 10. e5 Bc7 11. Nfxd4 Bb7 12. Bxc6+ Bxc6 13. Nxc6 Qd5 14. Ng3 Qxc6 15. Qf3 Qxf3 16. Rxf3 Rc8 17. Ne4 Bb8 18. c4 bxc4 19. dxc4 Nf8 20. Rd3 Ke7 21. Be3 Nd7 22. Rad1 Rc7 23. Nxc5 Nb6 24. Na6 Rcc8 25. Nxb8 Rxb8 26. Bxb6 axb6 27. Rd7+ Ke8 28. Rc7 Ra8 29. a3 f6 30. Rd6 fxe5 31. fxe5 Rg8 32. Rxe6+ Kd8 33. Rb7 1-0

[Event "ROM-chT U20 Girls"]
[Site "Iasi"]
[Date "2018.07.14"]
[Round "2.2"]
[White "Andres, Marina Corina"]
[Black "Coman, Emilia Florentina"]
[Result "0-1"]
[WhiteElo "1565"]
[BlackElo "1803"]
[PlyCount "114"]
[EventDate "2018.07.13"]
[EventType "team-tourn"]
[EventRounds "6"]
[EventCountry "ROU"]
[SourceTitle "EXT 2019"]
[Source "ChessBase"]
[SourceDate "2018.10.10"]
[SourceVersion "1"]
[SourceVersionDate "2018.10.10"]
[SourceQuality "1"]
[WhiteTeam "Galati CC"]
[BlackTeam "Bucharest CSM"]
[WhiteTeamCountry "ROU"]
[BlackTeamCountry "ROU"]

1. e4 e6 2. Nc3 d5 3. d3 c5 4. g3 h6 5. Bg2 Nf6 6. f4 Be7 7. e5 Nfd7 8. Nf3 Nc6 9. 0-0 Rb8 10. h3 b5 11. g4 a5 12. Ne2 Ba6 13. Ng3 Qc7 14. h4 Qa7 15. Be3 b4 16. Re1 Rc8 17. Bf2 Qc7 18. Nh5 g6 19. Nf6+ Nxf6 20. exf6 Bxf6 21. Qc1 Ne7 22. Ne5 h5 23. gxh5 Rxh5 24. Bf3 Rh8 25. Bg4 Bxh4 26. Nxf7 Kxf7 27. Bxe6+ Ke8 28. Bxh4 Rxh4 29. Bxc8 Bxc8 30. Re5 Qd7 31. f5 gxf5 32. Qe3 f4 33. Qf3 Qg4+ 34. Qxg4 Rxg4+ 35. Kf2 Kf7 36. Rae1 Ng6 37. Rxd5 Rg3 38. Rxc5 Bg4 39. Rc7+ Kf6 40. Rc6+ Kf7 41. Rc7+ Kf6 42. Rc6+ Kg5 43. Rc5+ Kh4 44. Rh1+ Bh3 45. Rg1 Rxg1 46. Kxg1 Bg4 47. Kf2 f3 48. Rc4 Ne5 49. Re4 Nf7 50. Rd4 Ng5 51. c4 Nh3+ 52. Kf1 Kg3 53. c5 Nf4 54. Rxf4 Kxf4 55. Kf2 a4 56. c6 Ke5 57. Kg3 Kd6 0-1

[Event "ROM-chT U20 Girls"]
[Site "Iasi"]
[Date "2018.07.13"]
[Round "1.2"]
[White "Lupascu, Diana Elena"]
[Black "Andres, Marina Corina"]
[Result "1/2-1/2"]
[WhiteElo "1641"]
[BlackElo "1565"]
[PlyCount "140"]
[EventDate "2018.07.13"]
[EventType "team-tourn"]
[EventRounds "6"]
[EventCountry "ROU"]
[SourceTitle "EXT 2019"]
[Source "ChessBase"]
[SourceDate "2018.10.10"]
[SourceVersion "1"]
[SourceVersionDate "2018.10.10"]
[SourceQuality "1"]
[WhiteTeam "Iasi Politehnica"]
[BlackTeam "Galati CC"]
[WhiteTeamCountry "ROU"]
[BlackTeamCountry "ROU"]

1. d4 d5 2. Nf3 Nf6 3. g3 b5 4. Qd3 a6 5. Bg2 Bb7 6. 0-0 e6 7. Bf4 c5 8. dxc5 Bxc5 9. b3 0-0 10. e3 Nbd7 11. Nbd2 Re8 12. Ne5 Nxe5 13. Bxe5 Bd6 14. Bxd6 Qxd6 15. c4 bxc4 16. bxc4 Qe7 17. cxd5 Bxd5 18. e4 Bb7 19. Rab1 Red8 20. Qe2 e5 21. Rfd1 Rd7 22. Nc4 Rad8 23. Rxd7 Rxd7 24. Na5 Rc7 25. Qb2 Bc8 26. Rd1 Nd7 27. Bh3 Nf8 28. Bf1 Nd7 29. Nc4 h6 30. Nd6 Nc5 31. Qb8 Qd7 32. Be2 Qc6 33. a3 Nd7 34. Qb3 Nc5 35. Qb8 Nd7 36. Qb2 Kf8 37. Nxc8 Rxc8 38. Bxa6 Rb8 39. Qd2 Nc5 40. Bd3 Rd8 41. Qc2 Qb6 42. Rb1 Qa5 43. Bc4 Qxa3 44. Bd5 Qa5 45. Qc4 Qa7 46. Qc3 Qe7 47. Qc4 Ne6 48. Qe2 Nd4 49. Qh5 Qf6 50. Rb7 Nf3+ 51. Kg2 Ng5 52. h4 Ne6 53. Qe2 Qg6 54. Qf3 Nf4+ 55. Kh2 Nxd5 56. exd5 e4 57. Qa3+ Qd6 58. Qa7 Qxd5 59. Qa3+ Qd6 60. Qb3 Qd5 61. Qb4+ Kg8 62. Re7 Qd2 63. Re8+ Kh7 64. Qxe4+ g6 65. Rxd8 Qxd8 66. Qf4 Qe7 67. Qd4 Qe6 68. Qd3 Qf6 69. Qe3 Qf5 70. Qd4 Qf3 1/2-1/2

[Event "ROM-chT (Women)"]
[Site "Baile Govora"]
[Date "2017.11.18"]
[Round "8.1"]
[White "Cristocea, Gabriela"]
[Black "Andres, Marina Corina"]
[Result "1/2-1/2"]
[WhiteElo "1559"]
[BlackElo "1600"]
[PlyCount "83"]
[EventDate "2017.11.11"]
[EventType "team-tourn"]
[EventRounds "9"]
[EventCountry "ROU"]
[SourceTitle "CBM 181 Extra"]
[Source "ChessBase"]
[SourceDate "2017.12.12"]
[SourceVersion "1"]
[SourceVersionDate "2017.12.12"]
[SourceQuality "1"]
[WhiteTeam "Sanandrei (W)"]
[BlackTeam "Galati (W)"]
[WhiteTeamCountry "ROU"]
[BlackTeamCountry "ROU"]

1. d4 d5 2. c4 e6 3. Nf3 Be7 4. a3 Nf6 5. Bg5 h6 6. Bf4 0-0 7. h3 c5 8. e3 Nc6 9. Nc3 cxd4 10. Nxd4 Nxd4 11. Qxd4 dxc4 12. Qxd8 Rxd8 13. Bxc4 Bd7 14. 0-0 Bc6 15. Rfd1 Ne4 16. Nb5 Nd2 17. Be2 Nb3 18. Rxd8+ Rxd8 19. Rb1 Rd2 20. Bc4 Be4 21. Re1 Na5 22. b3 Nxc4 23. bxc4 a6 24. Nc3 Bd3 25. Ra1 Bxc4 26. Ne4 Rd3 27. Rc1 Bd5 28. Rc8+ Kh7 29. Nd6 Rxa3 30. Nxf7 b5 31. Rh8+ Kg6 32. Ne5+ Kf6 33. Nd7+ Kg6 34. Ne5+ Kf6 35. Nd7+ Kf5 36. Ne5 Ra1+ 37. Kh2 Ba2 38. f3 Kf6 39. Nd7+ Kf7 40. Ne5+ Kf6 41. Nd7+ Kf7 42. Ne5+ 1/2-1/2

[Event "ROM-chT (Women)"]
[Site "Baile Govora"]
[Date "2017.11.13"]
[Round "3.3"]
[White "Nastase, Andreea Cristina"]
[Black "Andres, Marina Corina"]
[Result "1-0"]
[WhiteElo "2019"]
[BlackElo "1600"]
[PlyCount "83"]
[EventDate "2017.11.11"]
[EventType "team-tourn"]
[EventRounds "9"]
[EventCountry "ROU"]
[SourceTitle "CBM 181 Extra"]
[Source "ChessBase"]
[SourceDate "2017.12.12"]
[SourceVersion "1"]
[SourceVersionDate "2017.12.12"]
[SourceQuality "1"]
[WhiteTeam "Bucharest Central CC (W)"]
[BlackTeam "Galati (W)"]
[WhiteTeamCountry "ROU"]
[BlackTeamCountry "ROU"]

1. d4 d5 2. c4 e6 3. Nc3 Be7 4. cxd5 exd5 5. Nf3 c6 6. Bf4 Bd6 7. Bxd6 Qxd6 8. e3 Ne7 9. Bd3 Bf5 10. Bxf5 Nxf5 11. Qc2 Ne7 12. Rb1 a5 13. a3 Nd7 14. b4 axb4 15. axb4 0-0 16. 0-0 Ra3 17. Na4 Ra8 18. Nc5 Ra2 19. Qc1 R8a7 20. Nxd7 Qxd7 21. Ne5 Qf5 22. Qc5 Nc8 23. b5 Rxf2 24. Rxf2 Qxb1+ 25. Rf1 Qe4 26. Nxf7 Qxe3+ 27. Kh1 Qe7 28. Qc1 Nd6 29. bxc6 bxc6 30. Ne5 Rc7 31. Qa1 Qe8 32. Qa5 Nb5 33. h3 Ra7 34. Qb4 Rc7 35. Nxc6 Rxc6 36. Qxb5 Qe6 37. Qb4 Qc8 38. Qe7 Rc7 39. Qe5 Qd8 40. Qe6+ Kh8 41. Rf5 Rc4 42. Qd7 1-0

[Event "Braila Albulet Memorial (Women) 10th"]
[Site "Braila"]
[Date "2017.10.13"]
[Round "8"]
[White "Vorniceanu, Alina"]
[Black "Andres, Marina Corina"]
[Result "1-0"]
[WhiteElo "1498"]
[BlackElo "1581"]
[PlyCount "67"]
[EventDate "2017.10.07"]
[EventType "swiss"]
[EventRounds "9"]
[EventCountry "ROU"]
[SourceTitle "CBM 181 Extra"]
[Source "ChessBase"]
[SourceDate "2017.12.12"]
[SourceVersion "1"]
[SourceVersionDate "2017.12.12"]
[SourceQuality "1"]

1. e4 e5 2. Nf3 Nc6 3. Bc4 Bc5 4. c3 Nf6 5. d3 0-0 6. h3 d6 7. Bb3 Ne7 8. 0-0 Ng6 9. Re1 a6 10. Nbd2 Nf4 11. Nf1 N6h5 12. d4 exd4 13. Nxd4 Bxh3 14. Bxf4 Nxf4 15. gxh3 Qg5+ 16. Ng3 Nxh3+ 17. Kg2 Nf4+ 18. Kf1 Bxd4 19. cxd4 h5 20. Qf3 h4 21. Ne2 Nxe2 22. Kxe2 Qb5+ 23. Qd3 Qh5+ 24. Qf3 Qb5+ 25. Qd3 Qxd3+ 26. Kxd3 Kh7 27. Rh1 g5 28. Rag1 f6 29. f4 Kh6 30. Rg4 Kh5 31. Rhg1 h3 32. Bd1 Kh6 33. fxg5+ fxg5 34. Rxg5 1-0

[Event "Braila Albulet Memorial (Women) 10th"]
[Site "Braila"]
[Date "2017.10.09"]
[Round "3"]
[White "Andres, Marina Corina"]
[Black "Uzuneanu, Gabriela"]
[Result "0-1"]
[WhiteElo "1581"]
[BlackElo "1564"]
[PlyCount "98"]
[EventDate "2017.10.07"]
[EventType "swiss"]
[EventRounds "9"]
[EventCountry "ROU"]
[SourceTitle "CBM 181 Extra"]
[Source "ChessBase"]
[SourceDate "2017.12.12"]
[SourceVersion "1"]
[SourceVersionDate "2017.12.12"]
[SourceQuality "1"]

1. e4 e5 2. Nf3 Nf6 3. d4 exd4 4. e5 Nd5 5. Qxd4 Nb4 6. Qd1 Be7 7. c3 N4c6 8. Bd3 d6 9. exd6 Bxd6 10. 0-0 0-0 11. Re1 h6 12. Be3 Nd7 13. Nbd2 Nde5 14. Nxe5 Nxe5 15. Be2 Bf5 16. Nc4 Nxc4 17. Bxc4 Qh4 18. Qf3 Bg4 19. g3 Qxh2+ 20. Kxh2 Bxf3 21. Bf1 a6 22. Bg2 Bxg2 23. Kxg2 Rfe8 24. Rad1 Re6 25. Rd3 Rae8 26. Red1 Re4 27. Rd4 Rxd4 28. Rxd4 Bc5 29. Rd3 Bxe3 30. fxe3 Re7 31. Rd8+ Kh7 32. Kf3 Kg6 33. Rb8 b6 34. Ra8 a5 35. b4 Re5 36. Ra7 axb4 37. cxb4 Rb5 38. a3 c5 39. bxc5 Rxc5 40. Ra6 Rf5+ 41. Ke4 Rf6 42. Kd4 Kg5 43. Kc4 Kg4 44. Kb5 Kxg3 45. Rxb6 Rxb6+ 46. Kxb6 h5 47. a4 h4 48. a5 h3 49. a6 h2 0-1

[Event "ROM-ch U16 Girls"]
[Site "Baile Felix"]
[Date "2017.02.05"]
[Round "4"]
[White "Cristocea, Gabriela"]
[Black "Andres, Marina Corina"]
[Result "1/2-1/2"]
[WhiteElo "1521"]
[BlackElo "1514"]
[PlyCount "70"]
[EventDate "2017.02.02"]
[EventType "swiss"]
[EventRounds "9"]
[EventCountry "ROU"]
[SourceTitle "CBM 176 Extra"]
[Source "ChessBase"]
[SourceDate "2017.03.02"]
[SourceVersion "1"]
[SourceVersionDate "2017.03.02"]
[SourceQuality "1"]

1. d4 d5 2. c4 e6 3. Nf3 Be7 4. Bf4 Nf6 5. e3 b6 6. a3 c5 7. Nc3 0-0 8. cxd5 Nxd5 9. Nxd5 exd5 10. dxc5 Bxc5 11. b4 Be7 12. Be2 Be6 13. 0-0 Nd7 14. Nd4 Nf6 15. Nc6 Qd7 16. Nxe7+ Qxe7 17. Bd3 a6 18. Rc1 Rfc8 19. Re1 b5 20. Be5 Rxc1 21. Qxc1 Rc8 22. Qb1 h6 23. Rc1 Bd7 24. Rxc8+ Bxc8 25. Bd4 Qd6 26. h3 Qc6 27. Qb2 Ne8 28. Kh2 Be6 29. g3 Qd7 30. h4 Bf5 31. Bf1 Be6 32. Bg2 Bf5 33. Qc3 Be6 34. Be5 f6 35. Bd4 Nd6 1/2-1/2

[Event "ROM-ch U16 Girls"]
[Site "Baile Felix"]
[Date "2017.02.04"]
[Round "3"]
[White "Andres, Marina Corina"]
[Black "Simion, Adela Maria"]
[Result "1/2-1/2"]
[WhiteElo "1514"]
[BlackElo "1360"]
[PlyCount "77"]
[EventDate "2017.02.02"]
[EventType "swiss"]
[EventRounds "9"]
[EventCountry "ROU"]
[SourceTitle "CBM 176 Extra"]
[Source "ChessBase"]
[SourceDate "2017.03.02"]
[SourceVersion "1"]
[SourceVersionDate "2017.03.02"]
[SourceQuality "1"]

1. e4 e5 2. Nf3 Nf6 3. Nxe5 Qe7 4. Nf3 Nxe4 5. Qe2 Nf6 6. Nc3 d6 7. Qxe7+ Bxe7 8. Be2 0-0 9. 0-0 Nc6 10. a3 Bg4 11. d3 Rfe8 12. Be3 a6 13. Rfe1 d5 14. d4 Ne4 15. Nxd5 Bd6 16. Rad1 Rad8 17. c4 Na5 18. Nb4 Bxf3 19. gxf3 Nf6 20. Bg5 c5 21. Nd5 Re6 22. Bxf6 gxf6 23. dxc5 Bc7 24. Nxc7 Rxd1 25. Rxd1 Rxe2 26. c6 bxc6 27. Nxa6 Nxc4 28. Nb4 Rxb2 29. Nxc6 Nxa3 30. Nd4 Rb1 31. Rxb1 Nxb1 32. Kg2 Kg7 33. Kg3 Kg6 34. f4 Nc3 35. f3 Nd5 36. f5+ Kg5 37. h4+ Kh6 38. Ne2 Ne3 39. Kf4 1/2-1/2

[Event "ROM-ch U16 Girls"]
[Site "Calimanesti Caciulata"]
[Date "2016.04.20"]
[Round "3"]
[White "Andres, Marina Corina"]
[Black "Mos, Maria Magdalena"]
[Result "1-0"]
[WhiteElo "1270"]
[BlackElo "1575"]
[PlyCount "139"]
[EventDate "2016.04.18"]
[EventType "swiss"]
[EventRounds "9"]
[EventCountry "ROU"]
[SourceTitle "CBM 172 Extra"]
[Source "ChessBase"]
[SourceDate "2016.06.21"]
[SourceVersion "1"]
[SourceVersionDate "2016.06.21"]
[SourceQuality "1"]

1. e4 d6 2. d4 Nf6 3. Nc3 g6 4. Nf3 Bg7 5. h3 0-0 6. Be3 Nbd7 7. Qd2 c5 8. dxc5 Nxc5 9. e5 Nfe4 10. Nxe4 Nxe4 11. Qd5 Nc5 12. Bxc5 dxc5 13. Qxc5 b6 14. Qe3 Qc7 15. c3 Rd8 16. Bd3 Bb7 17. Be4 e6 18. Bxb7 Qxb7 19. 0-0 Qd5 20. Rfe1 Qb5 21. Qe2 Qc5 22. Rad1 Qc7 23. Rxd8+ Rxd8 24. Qe4 Rd5 25. Qe3 Qd7 26. Qe2 b5 27. Kf1 Qd8 28. c4 bxc4 29. Qxc4 Rd1 30. Qe2 Rd5 31. Kg1 Qa5 32. a3 Qd8 33. Qe3 Qd7 34. Qe4 Qd8 35. b4 Qb6 36. Qe3 Qb8 37. Qc3 Qd8 38. Qe3 Qb8 39. Re2 Rd1+ 40. Re1 Rd5 41. g3 Kh8 42. Qf4 Kg8 43. Qe3 Bh8 44. Kh2 Bg7 45. Re2 Qc7 46. a4 Qc4 47. Qe4 Qc7 48. b5 h6 49. h4 Qb8 50. Kh3 Kh7 51. h5 Qh8 52. hxg6+ fxg6 53. Nh4 Qe8 54. f4 Bf8 55. g4 Rd7 56. f5 exf5 57. gxf5 g5 58. f6+ Kh8 59. Ng6+ Kg8 60. Nxf8 Kxf8 61. e6 Rc7 62. e7+ Kg8 63. Qe6+ Kh8 64. f7 Rc3+ 65. Kg4 h5+ 66. Kxh5 Rh3+ 67. Qxh3 Qxf7+ 68. Kxg5+ Kg7 69. Qh6+ Kg8 70. e8Q+ 1-0